<?xml version="1.0" encoding="UTF-8"?>
<record
    xmlns:xsi="http://www.w3.org/2001/XMLSchema-instance"
    xsi:schemaLocation="http://www.loc.gov/MARC21/slim http://www.loc.gov/standards/marcxml/schema/MARC21slim.xsd"
    xmlns="http://www.loc.gov/MARC21/slim">

  <leader>00830cam a22002411  4500</leader>
  <controlfield tag="001">ne 68004170 </controlfield>
  <controlfield tag="003">DLC</controlfield>
  <controlfield tag="005">20260227111849.0</controlfield>
  <controlfield tag="008">910222s1955    ir       b    000 0 perr </controlfield>
  <datafield tag="010" ind1=" " ind2=" ">
    <subfield code="a">ne 68004170 </subfield>
  </datafield>
  <datafield tag="035" ind1=" " ind2=" ">
    <subfield code="a">(OCoLC)23138986</subfield>
  </datafield>
  <datafield tag="040" ind1=" " ind2=" ">
    <subfield code="a">DLC</subfield>
    <subfield code="c">CU</subfield>
    <subfield code="d">CU</subfield>
    <subfield code="d">DLC</subfield>
  </datafield>
  <datafield tag="042" ind1=" " ind2=" ">
    <subfield code="a">premarc</subfield>
  </datafield>
  <datafield tag="050" ind1="0" ind2="0">
    <subfield code="a">DS324.L3</subfield>
    <subfield code="b">I67</subfield>
  </datafield>
  <datafield tag="100" ind1="1" ind2=" ">
    <subfield code="a">Iqtid&#x101;r&#x12B;, A&#x1E25;mad.</subfield>
  </datafield>
  <datafield tag="245" ind1="1" ind2="0">
    <subfield code="a">L&#x101;rist&#x101;n-i kuhan,</subfield>
    <subfield code="b">darb&#x101;rah-i L&#x101;rist&#x101;n-i qad&#x12B;m.</subfield>
    <subfield code="c">Ta&#x2BC;l&#x12B;f-i A&#x1E25;mad Iqtid&#x101;r&#x12B;.</subfield>
  </datafield>
  <datafield tag="246" ind1="1" ind2=" ">
    <subfield code="i">Title on p. [4] of cover:</subfield>
    <subfield code="a">L&#xE2;rest&#xE2;n-e-kohan</subfield>
  </datafield>
  <datafield tag="260" ind1=" " ind2=" ">
    <subfield code="a">Tihr&#x101;n,</subfield>
    <subfield code="c">1334 [1955]</subfield>
  </datafield>
  <datafield tag="300" ind1=" " ind2=" ">
    <subfield code="a">221 p.</subfield>
    <subfield code="c">22 cm.</subfield>
  </datafield>
  <datafield tag="504" ind1=" " ind2=" ">
    <subfield code="a">Bibliography: p. 20-26.</subfield>
  </datafield>
  <datafield tag="505" ind1="0" ind2=" ">
    <subfield code="a">Ta&#x1E25;q&#x12B;q&#x101;t dar b&#x101;rah-i t&#x101;r&#x12B;kh-i va jughr&#x101;fiy&#x101;y-i t&#x101;r&#x12B;kh&#x12B;-i L&#x101;rist&#x101;n-i raj&#x101;l-i &#x2BB;ilm&#x12B;, Sh&#x101;&#x2BB;ir&#x101;n va Mulf&#x12B;n L&#x101;rist&#x101;n.</subfield>
  </datafield>
  <datafield tag="651" ind1=" " ind2="0">
    <subfield code="a">L&#x101;rist&#x101;n (Iran : Region)</subfield>
  </datafield>
  <datafield tag="999" ind1=" " ind2=" ">
    <subfield code="c">50960</subfield>
    <subfield code="d">50960</subfield>
  </datafield>
</record>
